[Event "Agneaux St Lo op"]
[Site "Agneaux"]
[Date "2022.07.09"]
[Round "4"]
[White "Masson, Titouan"]
[Black "Baioni, Paolo"]
[Result "0-1"]
[WhiteElo "1397"]
[BlackElo "1612"]
[PlyCount "44"]
[EventDate "2022.07.09"]
[EventType "swiss"]
[EventRounds "9"]
[EventCountry "FRA"]
[SourceTitle "EXT 2023"]
[Source "ChessBase"]
[SourceDate "2022.10.05"]
[SourceVersion "1"]
[SourceVersionDate "2022.10.05"]
[SourceQuality "1"]

1. e4 e5 2. Nf3 Nf6 3. Nxe5 d6 4. Nf3 Nxe4 5. d4 d5 6. Bd3 Bd6 7. 0-0 0-0 8. Re1 Bf5 9. c4 c6 10. Qc2 Bg6 11. Nc3 Nxc3 12. Bxg6 fxg6 13. Qxc3 Nd7 14. Bg5 Rxf3 15. Qxf3 Qxg5 16. Re6 Rf8 17. Qe2 Bb8 18. Re7 Nf6 19. Rxb7 Bxh2+ 20. Kxh2 Ng4+ 21. Kg1 Qh4 22. f3 Qh2+ 0-1